|
|
|
|
| LEADER |
01848nnm a2200469 i 4500 |
| 001 |
eta409 |
| 005 |
20180815142903.0 |
| 008 |
180516s2009 hu o 0|| hun d |
| 020 |
|
|
|a 978-963-7336-97-3
|
| 040 |
|
|
|a SZTE Elektronikus Tananyag Archívum
|b hun
|
| 041 |
|
|
|a hun
|
| 100 |
1 |
|
|a Aubert Antal
|
| 245 |
1 |
0 |
|a Turisztikai desztináció „desztinációs menedzsment”
|h [elektronikus dokumentum] :
|b a Nyíregyházán 2009. május 20-21.-én megtartott konferencia előadásai /
|c Aubert Antal
|
| 260 |
|
|
|a Nyíregyháza Város és a Nyíregyházi Főiskola Természettudományi és Informatikai Kar, Turizmus- és Földrajztudományi Intézete
|b Nyíregyháza
|c 2009
|
| 300 |
|
|
|a 180
|
| 516 |
|
|
|a Book
|
| 650 |
|
4 |
|a Társadalomtudományok
|
| 650 |
|
4 |
|a Társadalom- és gazdaságföldrajz
|
| 650 |
|
4 |
|a Közlekedéstervezés és a közlekedés társadalmi hatásai
|
| 650 |
|
4 |
|a Mobilitás, turizmus, szállítás és logisztika
|
| 700 |
0 |
1 |
|a Hanusz Árpád
|
| 700 |
0 |
1 |
|a Bakucz Márta
|e aut
|
| 700 |
0 |
1 |
|a Berki Mónika
|e aut
|
| 700 |
0 |
1 |
|a Danyi Zoltán
|e aut
|
| 700 |
0 |
1 |
|a Erdei Nóra
|e aut
|
| 700 |
0 |
2 |
|a Furkóné Szabó Marianna
|e aut
|
| 700 |
0 |
2 |
|a Hanusz Árpád
|e aut
|
| 700 |
0 |
2 |
|a Jusztin Márta
|e aut
|
| 700 |
0 |
2 |
|a Katona Ilona
|e aut
|
| 700 |
0 |
2 |
|a Kókai Sándor
|e aut
|
| 700 |
0 |
2 |
|a Mészáros Bernadett
|e aut
|
| 700 |
0 |
2 |
|a Michalkó Gábor
|e aut
|
| 700 |
0 |
2 |
|a Petykó Csilla
|e aut
|
| 700 |
0 |
2 |
|a Rátz Tamara
|e aut
|
| 700 |
0 |
2 |
|a Sarkadi Eszter
|e aut
|
| 700 |
0 |
2 |
|a Sass Enikő
|e aut
|
| 700 |
0 |
2 |
|a Sütő László
|e aut
|
| 700 |
0 |
2 |
|a Szalók Csilla
|e aut
|
| 700 |
0 |
2 |
|a Tarpai József
|e aut
|
| 700 |
0 |
2 |
|a Vinnai Győző
|e aut
|
| 711 |
|
|
|a Turisztikai desztináció „desztinációs menedzsment”
|c Nyíregyháza
|d 2009. május 20-21.
|
| 856 |
4 |
0 |
|u https://eta.bibl.u-szeged.hu/409/1/hanusz_turisztikai.pdf
|z Dokumentum-elérés
|